The route of the Franks : the journey of Archbishop Sigeric at the twilight of the first millennium AD /
A scientific study of the journey that Archbishop Sigeric of Canterbury undertook from the British Isles to Rome, focussing on the segment included in the territory of modern France. It not only reconstructs the route, but also offers an archaeological snapshot of the urban developments along the ro...
المؤلف الرئيسي:
التنسيق: كتاب الكتروني
اللغة: English
منشور في:
Oxford :
Archaeopress Archaeology,
2022.
الموضوعات:
الوصول للمادة أونلاين: Login to view Source
الوسوم: إضافة وسم
رقم الطلب: NA1043
| LEADER | 01845nam a2200385 i 4500 | ||
|---|---|---|---|
| 001 | EDZ0002917720 | ||
| 003 | StDuBDS | ||
| 005 | 20230412181414.0 | ||
| 006 | m|||||o||d|||||||| | ||
| 007 | cr ||||||||||| | ||
| 008 | 220920s2022 enk fob 001|0|eng|d | ||
| 020 | |a 9781803273679 (PDF ebook) : |c No price | ||
| 040 | |a StDuBDS |b eng |c StDuBDS |e rda |e pn | ||
| 050 | 4 | |a NA1043 | |
| 082 | 0 | 4 | |a 720.94409021 |2 23 |
| 100 | 1 | |a Corsi, Cristina, |e author. | |
| 245 | 1 | 4 | |a The route of the Franks : |b the journey of Archbishop Sigeric at the twilight of the first millennium AD / |c Cristina Corsi. |
| 264 | 1 | |a Oxford : |b Archaeopress Archaeology, |c 2022. | |
| 300 | |a 1 online resource | ||
| 336 | |a text |2 rdacontent | ||
| 337 | |a computer |2 rdamedia | ||
| 338 | |a online resource |2 rdacarrier | ||
| 500 | |a Also issued in print: 2022. | ||
| 504 | |a Includes bibliographical references and index. | ||
| 520 | 8 | |a A scientific study of the journey that Archbishop Sigeric of Canterbury undertook from the British Isles to Rome, focussing on the segment included in the territory of modern France. It not only reconstructs the route, but also offers an archaeological snapshot of the urban developments along the route at the twilight of the first millennium AD. | |
| 521 | |a Specialized. | ||
| 588 | |a Description based on online resource; title from PDF title page (viewed on October 18, 2022). | ||
| 600 | 0 | 0 | |a Sigeric, |c Archbishop of Canterbury, |d -994 |x Travel |z France. |
| 650 | 0 | |a Architecture, Carolingian |z France. | |
| 651 | 0 | |a France |x Social conditions |y 987-1515. | |
| 776 | 0 | 8 | |i Print version : |z 9781803273662 |
| 856 | 4 | 0 | |u http://library.arce.org:8087/Archaeopress/Products/9781803273662 |
| 942 | |2 lcc |c EBOOK | ||
| 952 | |0 0 |1 0 |4 0 |6 NA1043 |7 1 |9 45992 |a ARCH |b ARCH |d 2023-04-12 |l 0 |o NA1043 |r 2023-04-12 00:00:00 |w 2023-04-12 |y EBOOK | ||
| 999 | |c 51650 |d 51650 | ||
